2010-2011 Metro Manila telephone directory residential listing white pages.
| Format: | Book |
|---|---|
| Published: |
Makati City:
Directories Philippines Corporation,
2010.
|
| Subjects: |
| LEADER | 00467cam a2200133 7i4500 | ||
|---|---|---|---|
| 001 | 0000025439 | ||
| 005 | 20110408090000.0 | ||
| 090 | 0 | 0 | |a PHIL 910.599 |b MET |
| 245 | 0 | 0 | |a 2010-2011 Metro Manila telephone directory residential listing white pages. |
| 260 | 0 | 0 | |a Makati City: |b Directories Philippines Corporation, |c 2010. |
| 300 | # | # | |a 956 p. |
| 650 | 0 | 0 | |a Philippne -- |x Telephone directories |
| 651 | 0 | 0 | |a Philippines |
| 999 | |a 0000028203 |b Directories |c Countries |e Business Information Centre | ||